| 000 | 00790nam a2200241 i 4500 | ||
|---|---|---|---|
| 003 | DO-SdBNP | ||
| 005 | 20250828094024.0 | ||
| 007 | ta | ||
| 008 | 250828s1978 dr 000 j spa d | ||
| 040 |
_aDO-SdBNP _bspa _cBNPHU _erda |
||
| 082 |
_axxx _bR426L _222 |
||
| 100 | _920516 | ||
| 110 |
_aRepública Dominicana. _bBanco Central _932074 |
||
| 245 | 1 | 0 |
_aLey no. 861 que crea el directorio de inversión extranjera : _bforeign investment Law, Law no. 861 of july 22, 1978 |
| 264 | 1 |
_aSanto Domingo : _bBanco Central de la República Dominicana, _c1978 |
|
| 300 |
_a38 páginas, _c24 cm. |
||
| 336 |
_2rdacontent _atexto _btxt |
||
| 337 |
_2rdamedia _asin mediación _bn |
||
| 338 |
_2rdacarrier _avolumen _bnc |
||
| 590 | _aInventariado, 2025/DG | ||
| 910 | _aDG | ||
| 942 |
_2ddc _cLF2 |
||
| 999 |
_c59837 _d59837 |
||